Largest City in the United States by Timezones - Statistics

General Stats
  • This quiz has been taken 171 times
  • The average score is 64 of 80
Answers on the Map
Answers color-coded by a green-red scale on the quiz's map according to % correct below.
 
Answer Stats
Time Zone Pop. State City % Correct
Pacific 3,979,576 CA Los Angeles
99%
Eastern 467,963 FL Miami
98%
Eastern 8,336,817 NY New York
98%
Central 2,320,268 TX Houston
97%
Pacific 881,549 CA San Francisco
97%
Eastern 506,811 GA Atlanta
96%
Eastern 692,600 MA Boston
96%
Central 2,693,976 IL Chicago
96%
Central 1,343,573 TX Dallas
96%
Mountain 1,680,992 AZ Phoenix
96%
Pacific 654,741 OR Portland
96%
Pacific 753,675 WA Seattle
96%
Eastern 705,749 DC Washington, D.C.
96%
Eastern 911,507 FL Jacksonville
95%
Central 978,908 TX Austin
94%
Eastern 593,490 MD Baltimore
94%
Eastern 670,031 MI Detroit
94%
Pacific 651,319 NV Las Vegas
94%
Eastern 1,584,064 PA Philadelphia
94%
Pacific 1,423,851 CA San Diego
94%
Eastern 399,700 FL Tampa
94%
Mountain 727,211 CO Denver
93%
Eastern 381,009 OH Cleveland
92%
Central 429,606 MN Minneapolis
92%
Central 390,144 LA New Orleans
92%
Eastern 876,384 IN Indianapolis
91%
Central 655,057 OK Oklahoma City
91%
Central 300,576 MO Saint Louis
91%
Pacific 1,021,795 CA San Jose
91%
Eastern 898,553 OH Columbus
90%
Central 670,820 TN Nashville
90%
Mountain 200,567 UT Salt Lake City
90%
Central 1,547,253 TX San Antonio
90%
Eastern 303,940 OH Cincinnati
89%
Central 495,327 MO Kansas City
89%
Central 651,073 TN Memphis
89%
Eastern 885,708 NC Charlotte
88%
Pacific 513,624 CA Sacramento
88%
Eastern 300,286 PA Pittsburgh
87%
Central 909,585 TX Fort Worth
86%
Eastern 617,638 KY Louisville
86%
Mountain 681,728 TX El Paso
85%
Eastern 474,069 NC Raleigh
85%
Central 308,096 MN Saint Paul
85%
Central 590,157 WI Milwaukee
84%
Eastern 449,974 VA Virginia Beach
84%
Mountain 560,513 NM Albuquerque
83%
Mountain 228,959 ID Boise
83%
Central 478,192 NE Omaha
83%
Mountain 548,073 AZ Tucson
83%
Central 401,190 OK Tulsa
83%
Central 389,938 KS Wichita
82%
Mountain 478,221 CO Colorado Springs
81%
Pacific 433,031 CA Oakland
79%
Pacific 255,601 NV Reno
78%
Pacific 531,576 CA Fresno
77%
Central 326,586 TX Corpus Christi
74%
Eastern 323,152 KY Lexington
72%
Pacific 384,145 CA Bakersfield
70%
Mountain 518,012 AZ Mesa
70%
Mountain 379,289 CO Aurora
69%
Pacific 350,365 CA Anaheim
68%
Pacific 320,189 NV Henderson
67%
Central 398,854 TX Arlington
66%
Pacific 462,628 CA Long Beach
66%
Pacific 331,360 CA Riverside
59%
Pacific 312,697 CA Stockton
59%
Mountain 252,381 AZ Glendale
57%
Mountain 170,243 CO Fort Collins
55%
Mountain 258,069 AZ Scottsdale
55%
Mountain 261,165 AZ Chandler
54%
Pacific 332,318 CA Santa Ana
54%
Pacific 274,492 CA Chula Vista
52%
Mountain 254,114 AZ Gilbert
47%
Pacific 287,401 CA Irvine
47%
Mountain 195,805 AZ Tempe
46%
Mountain 157,935 CO Lakewood
40%
Mountain 141,664 AZ Surprise
35%
Mountain 175,961 AZ Peoria
33%
Mountain 141,867 CO Thornton
28%
No matching quizzes found
Score Distribution
Percent of People with Each Score
Percentile by Number Answered
Your Score History
You have not taken this quiz